000 00295nam a2200133Ia 4500
100 _aDie casting society of India
942 _cBK
654 _adiecasting
245 _aDiecasting product design
260 _bIDSOC
_aNew Delhi
082 _a671.253
_bDIE
300 _a104
546 _aENGLISH
999 _c27666
_d27666